00229nam a2200097Ia 4500008004100000100002800041245001500069260002700084300000700111650001300118190216s9999||||xx |||||||||||||| ||und|| aShihabudeen Poythumkavu 0aManjukalam bUniversity Of Calicut a95 aKathakal